Michigan Major & Minor Teams - Statistics

General Stats
  • This quiz has been taken 54 times
    46 since last reset
  • The average score is 13 of 24
Answer Stats
NCAA % Correct
Detroit Red Wings
100%
Detroit Lions
94%
Detroit Pistons
94%
Detroit Tigers
94%
Michigan State Spartans
89%
Michigan Wolverines
89%
Central Michigan Chippewas
72%
Eastern Michigan Eagles
72%
Western Michigan Broncos
72%
Grand Rapids Gold
56%
Grand Rapids Griffins
56%
Oakland Golden Grizzlies
56%
Detroit Mercy Titans
50%
Michigan Panthers
50%
Great Lakes Loons
44%
West Michigan Whitecaps
44%
Lansing Lugnuts
39%
Saginaw Spirit
28%
Motor City Cruise
22%
Detroit City FC
17%
Kalamazoo Wings
17%
Flint Firebirds
11%
Muskegon Lumberjacks
6%
US National Development Team Program
6%
No matching quizzes found
Score Distribution
Percent of People with Each Score
Percentile by Number Answered
Your Score History
You have not taken this quiz since the last reset